Socialismo científico / (Record no. 105715)

MARC details
000 -LEADER
campo de control de longitud fija 01039cam a2200325Mi 4500
001 - NÚMERO DE CONTROL
campo de control 47733
005 - FECHA Y HORA DE LA ÚLTIMA TRANSACCIÓN
campo de control 20230411085655.0
008 - DATOS DE LONGITUD FIJA--INFORMACIÓN GENERAL
campo de control de longitud fija 070313s2006 sp 000 0 spa d
035 ## - NÚMERO DE CONTROL DEL SISTEMA
Número de control de sistema (OCoLC)ocn122937145
040 ## - FUENTE DE CATALOGACIÓN
Centro catalogador/agencia de origen PL#
Lengua de catalogación spa
Centro/agencia transcriptor PL#
Centro/agencia modificador BAKER
-- BTCTA
-- YDXCP
019 ## -
-- 154805878
020 ## - NÚMERO INTERNACIONAL ESTÁNDAR DEL LIBRO
Número Internacional Estándar del Libro 8496080927
020 ## - NÚMERO INTERNACIONAL ESTÁNDAR DEL LIBRO
Número Internacional Estándar del Libro 9788496080928
029 0# - OTRO NÚMERO DE CONTROL DE SISTEMA (OCLC)
Identificador de la biblioteca OCLC PL#
Número de control de sistema 070004429
035 ## - NÚMERO DE CONTROL DEL SISTEMA
Número de control de sistema (OCoLC)122937145
Número de control cancelado/no válido (OCoLC)154805878
049 ## - FONDOS LOCALES (OCLC)
Biblioteca depositaria GRAL
050 14 - SIGNATURA TOPOGRÁFICA DE LA BIBLIOTECA DEL CONGRESO
Número de clasificación T813c 2007
100 1# - ENTRADA PRINCIPAL--NOMBRE DE PERSONA
Nombre de persona Frabetti, Carlo,
Fechas asociadas al nombre 1945-
245 10 - MENCIÓN DEL TÍTULO
Título Socialismo científico /
Mención de responsabilidad, etc. Carlo Frabetti.
260 ## - PUBLICACIÓN, DISTRIBUCIÓN, ETC.
Lugar de publicación, distribución, etc. Madrid :
Nombre del editor, distribuidor, etc. Lengua de Trapo Ediciones,
Fecha de publicación, distribución, etc. c2006.
300 ## - DESCRIPCIÓN FÍSICA
Extensión 156 p. ;
Dimensiones 22 cm.
440 #0 - MENCIÓN DE SERIE/PUNTO DE ACCESO ADICIONAL--TÍTULO
Título Desórdenes.
Nombre de parte o sección de la obra Biblioteca de ensayo ;
Designación de volumen o secuencia 23
653 ## - TÉRMINO DE INDIZACIÓN--NO CONTROLADO
Término no controlado Socialismo
-- Ensayos
938 ## -
-- Puvill Libros
-- PUVL
-- 9788496080928
-- $26.76
938 ## -
-- Baker & Taylor
-- BKTY
-- 32.95
-- 32.95
-- 8496080927
-- 0007299611
-- active
938 ## -
-- Baker and Taylor
-- BTCP
-- BK0007299611
938 ## -
-- YBP Library Services
-- YANK
-- 2675480
942 ## - ELEMENTOS DE ENTRADA SECUNDARIOS (KOHA)
Fuente del sistema de clasificación o colocación Clasificación de Library of Congress
Tipo de ítem Koha
994 ## -
-- C0
-- DRFGD
Holdings
Estatus retirado Estado de pérdida Fuente del sistema de clasificación o colocación Estado de daño No para préstamo Colección Biblioteca de origen Biblioteca actual Ubicación en estantería Fecha de adquisición Signatura topográfica completa Código de barras Visto por última vez Copia número Tipo de ítem Koha
    Clasificación de Library of Congress     Automatización y Procesos Técnicos Biblioteca Juan Bosch Biblioteca Juan Bosch Automatización y Procesos Técnicos (1er. Piso) 11/04/2023 T813c 2007 00000048524 17/02/2019 1